LEADER 00914nam a2200241 u 4500 001 000000028612 003 CaOOAMICUS 005 20070226111825.0 008 960828s1939 it u000 u ita u 035 $a10740909 040 $aBAV$bita$dPUL(R) 100 1 $aRostagni, Augusto,$d1892-1961.$0(OLS)http://pul/name/1392 245 10$aClassicitą e spirito moderno /$cAugusto Rostagni. 260 $aTorino :$bGiulio Einaudi,$c1939. 300 $a136 p. ;$c22 cm 490 1 $aSaggi ;$v19 650 4$aLetteratura classica.$0(OLS)http://pul/subject/5015 830 0$aSaggi (Einaudi) ;$v19.$0(OLS)http://pul/title/9841 850 $aPUL 852 $aPUL$W1$xDP2 Filosofia 1$y62$m82 B 15$j39703$nBK-PRI$b $qStampati$B39703$CPULBib$Z2$F39703 $81 941 1 $a8 996 $6245$aClassicitą e spirito moderno$9(OLS)http://pul/title/39062 996 $6260$aTorino :$bGiulio Einaudi$9(OLS)http://pul/publisher/54573 LEADER 01222nam a2200301 a 4500 001 000000157272 003 CaOOAMICUS 005 20161207142754.0 008 161207s2014 xxu u000 u eng r 020 $a978-0-19-978333-5* 032 $aLibriCat 040 $aPUL$bita 082 04$a223.2 245 04$aThe Oxford handbook of the Psalms /$cedited by William P. Brown. 260 $aOxford ;$aNew York :$bOxford University Press,$c2014. 300 $axix, 661 p. ;$c26 cm. 500 $aInclude indice. 504 $aBibliografia in nota. 630 04$aBiblia.$pV.T.$pPsalmi.$lInglese$xCritica e interpretazione.$0(OLS)http://pul/subject/28407 700 1 $aBrown, William P.$0(OLS)http://pul/name/83216 850 $aPUL 852 $aPUL$W1$xSL Religione 3$y85$m223. 2 BROWI 1$j180564$qDDC 21$B183684$CPULBib$Z2$F183684 $H128540 $81 941 1 $a9 996 $6020$a978-0-19-978333-5*$9(OLS)http://pul/number/161676 996 $6082$a223.2$9(OLS)http://pul/classification/536 996 $6245$aThe Oxford handbook of the Psalms$9(OLS)http://pul/title/196878 996 $6260$aOxford ;$aNew York :$bOxford University Press$9(OLS)http://pul/publisher/74678